Представление документа в формате MARC21

Поле Инд. ПП Название Значение
Тип записи a
Библиографический уровень b
001 Контрольный номер DU/602702951
005 Дата корректировки 20250318111712.0
008 Кодируемые данные 20190124
040 b Код языка каталог. rus
e Правила каталог. PSBO
041 0_ a Код языка текста rus
084 a Индекс другой классификации/Индекс ББК 88.353
100 1_ a Автор Рядинская Е. Н.
q Полное имя Рядинская Евгения Николаевна
245 10 a Заглавие Анализ концептуальных подходов к структуре смысложизненных стратегий в контексте изучения трансформации личности
504 a Библиография Библиогр.: с. 60 - 61
520 a Аннотация В данной статье представлен анализ концептуальных подходов к изучению смысложизненных стратегий личности. Целью статьи явилось обобщение теорий становления смысловой сферы личности, а также системно-содержательный анализ смысловых концептов. В статье автором анализируется содержание "жизненная стратегия", "базовая жизненная установка", "жизнестойкость", "жизненная активность личности", "смысложизненные и ценностные ориентации", "смысложизненные стратегии" с разных сторон психологической науки, а также раскрываются структурные компоненты этих понятий. Особое внимание в статье уделено дифференциации жизненных стратегий по различным основаниям. Выделены и проанализированы следующие виды стратегий: самореализации, достижение успеха и повседневные стратегии
650 14 a Основная рубрика психология
a Основная рубрика психология личности
653 a Ключевые слова активность личности
a Ключевые слова жизненная стратегия
a Ключевые слова жизнестойкость
a Ключевые слова смысложизненная стратегия
a Ключевые слова смысложизненные ориентации
a Ключевые слова трансформация личности
773 08 t Заглавие источника Психология. Историко-критические обзоры и современные исследования
d Дата издания источника 2018
g Прочая информация Т. 7, № 1А. - С. 52 - 63
w Контрольный № источника DU/598461108
901 t Тип документа b